Pays sans les lettres de "SAMOA" - Statistiques

Statistiques générales
  • Ce quiz a été pris 16 fois
    10 depuis la dernière actualisation
  • Le résultat moyen est 14 sur 18
Statistiques - réponses
Continent Pays % Correct
Afrique Benin
100%
Afrique Burundi
100%
Amérique du Sud Chili
100%
Asie Chine
100%
Afrique Égypte
100%
Afrique Érythrée
100%
Océanie Fidji
100%
Europe Grèce
100%
Asie Inde
100%
Afrique Libye
100%
Afrique Niger
100%
Europe Belgique
50%
Amérique du Nord Belize
50%
Asie Chypre
50%
Afrique Guinée
50%
Europe Tchéquie
50%
Asie Turquie
50%
Asie Bruneï
0%
Aucun quiz correspondant
Distribution des résultats
% des personnes avec chaque résultat
Percentile par nombre de réponses
Votre historique - résultats
Vous n’avez pas pris ce quiz depuis la dernière actualisation